| 000 | 01081cam a22001934a 4500 | ||
|---|---|---|---|
| 005 | 20250605164023.0 | ||
| 008 | 250528s ||||||||||||||||||||||||d | ||
| 035 | _a16405 | ||
| 040 |
_aGR-AtMCL _bgre _dGR-AtMCL _eAACR2 |
||
| 245 | 1 | _aΔημιουργική Μουσική Αγωγή για τα Παιδιά Μας / Τρίτη Έκδοση | |
| 250 | _a3η | ||
| 260 |
_bGutenberg, _c1987 |
||
| 300 | _a152 | ||
| 520 | _aΕισαγωγικά, Η Μουσική και το Παιδί, Βασικές Προϋποθέσεις, Μουσική Συγκρότηση της Δασκάλας, Μουσική και Κίνηση, Μουσική Αγωγή, Μέσα Μουσικής Έκφρασης, Μουσικές Δραστηριότητες, Συσχέτιση της Μουσικής με Άλλα Θέματα του Αναλυτικού Προγράμματος, Μουσικοθεραπεία, Εργασίες Εφαρμογής, Δειγματικά Μαθήματα. | ||
| 700 | 1 |
_aΣέργη Λένια _92499 |
|
| 942 | _cBK | ||
| 999 |
_c1907 _d1907 |
||